00491nam a2200193 a 4500001001300000003000900013005001700022008004100039020000800080082001500088100002600103245001900129260004700148300000900195500003500204505001300239650001900252700002600271nice12345678IN_TiNIC20260116011304.0050524s0000 laha grp 000 0 urd  ac100a297.4bMAH aMahmood, Sh Bahauddin aSirrul Arifeen aLahorebAllah Waaley Ki Qawmi Dukaanc0000 a197p aincludes index and biblioraphy2 aAppendix aSufism-Chishti1 aMahmood, Sh Bahauddin